• AIU
  • Tony Wilmot Memorial Library
Normal view MARC view

Entry Uniform Title

Number of records used in: 1

001 - CONTROL NUMBER

  • control field: 39369

003 - CONTROL NUMBER IDENTIFIER

  • control field: OSt

005 - DATE AND TIME OF LATEST TRANSACTION

  • control field: 20160216153448.0

008 - FIXED-LENGTH DATA ELEMENTS

  • fixed length control field: 160216|| aca||aabn | a|a d

040 ## - CATALOGING SOURCE

  • Original cataloging agency: OSt
  • Transcribing agency: OSt

130 ## - HEADING--UNIFORM TITLE

  • Uniform title: Bible
  • Name of part/section of a work: Colossians
  • General subdivision: Translating.

670 ## - SOURCE DATA FOUND

  • Source citation: Work cat.: (OSt)62291: King, Martha. 24862, An exegetical summary of Colossians /, c1998.